000 00753cam a22002054a 4500
005 20250605164117.0
008 250528s ||||||||||||||||||||||||d
035 _a18120
020 _a805353402
040 _aGR-AtMCL
_bgre
_dGR-AtMCL
_eAACR2
245 1 _aObject-Oriented Analysis and Design / with Applications
250 _a2nd
260 _bAddison-Wesley Publishing Company,
_c1994
300 _a592
520 _aPreface, Concepts, The Object Model, Classification, The Method, The Process, Applications, Frameworks: Foundation Class Library, Artificial Intelligence: Cryptanalysis, Command and Control: Traffic Management, Notes, Glossary, Index.
700 1 _aBooch Grady
_94411
942 _cBK
999 _c3503
_d3503